000 00680nam a22002417a 4500
003 UA-OsUOA
001 104402
007 ta
008 20131218b un ||||| |||| 00| 0 ukr d
090 _a26(091)
_bК56
942 _cBK
040 _aUA-OsUOA
_bukr
_cUA-OsUOA
_dUA-OsUOA
245 _aКовчег
_bзбірник статей із церковної історії
_cЯ. Грицак, Б. Гудзяк
300 _a190 с.
955 _a1
041 _aukr
080 _a26(091)
020 _a5-87274-044-1
260 _aЛьвів
_bІІЦЛБА
_c2000
246 3 1 _a1
_n
650 7 _a26 Християнська Церква загалом
_2UDC
999 _c390379
_d390379